[Event "23rd Hoogeveen Open 2019"]
[Site "Hoogeveen"]
[Date "2019.10.22"]
[Round "5.5"]
[White "Beerdsen, Thomas"]
[Black "Vestby-Ellingsen, Mads"]
[Result "1-0"]
[WhiteElo "2472"]
[BlackElo "2363"]
[Annotator "TA"]
[PlyCount "73"]
[EventDate "2019.10.19"]
[EventType "swiss"]
[EventCountry "NED"]
[SourceTitle "playchess.com"]
[Source "ChessBase"]
[SourceQuality "1"]

{[%evp 16,73,31,29,45,11,86,54,56,52,63,50,58,62,69,28,64,28,31,29,31,29,80,5,56,24,23,17,28,17,34,0,0,0,0,0,0,0,169,162,305,303,304,297,508,577,579,585,552,555,469,464,649,649,29981,29982,29982,29983,29985,29986]} 1. e4 c5 2. Nf3 e6 3. d4 cxd4 4. Nxd4 Nc6 5. Nc3 Qc7 6. Be3 a6 7. a3 b5 8. Nxc6 Qxc6 9. Be2 Bb7 {B49: Sicilian: Taimanov: 5 Nc3 Qc7 6 Be3 a6 7 Be2} 10. Qd4 (10. Qd2 Be7 11. O-O Bf6 12. Bd4 Qd6 13. Rfd1 Qxd4 14. Qxd4 Bxd4 15. Rxd4 Ne7 16. Rad1 Bc6 17. f3 {0-1 (44) Schroeder,J (2571)-Rapport,R (2726) Germany 2019}) 10... d6 (10... Rc8 $11 {remains equal.}) 11. f4 Nf6 {[%cal Rf6e4] White is slightly better.} 12. Bf3 Qc7 13. O-O-O Be7 14. g4 O-O 15. h4 $146 ({Predecessor:} 15. g5 Nd7 16. h4 Rac8 17. Rh3 Qc4 18. Qd2 Nc5 {1-0 (30) Garbarino,R (2345)-Piza Cortizo,D Argentina 1989}) 15... Nd7 16. h5 e5 17. fxe5 Nxe5 18. Be2 Rac8 {[#]} (18... Nc4 $11) 19. g5 (19. h6 $1 $16) 19... Qc5 (19... f5 $11) 20. Qd2 Nc4 $1 {[%cal Rc4e3]} 21. Bxc4 Qxc4 22. Bd4 a5 {Strongly threatening ...b4.} 23. h6 (23. b3 $5 {[%cal Rb3c4]} Qe6 24. h6 $11) 23... g6 {And now ...b4 would win.} 24. b3 Qe6 $1 25. Rhe1 Rfe8 26. Qf4 Bf8 $2 (26... b4 $11 {and Black is okay.} 27. axb4 axb4) 27. Re3 $40 {[%mdl 128] White has strong attack.} b4 (27... Bc6 $142 28. Kb2 f6) 28. axb4 axb4 {[#]} 29. Nd5 $1 {[%cal Rd5f6][%mdl 512]} Bxd5 $2 (29... Be7 {was called for.} 30. Rf1 (30. Nxb4 Bxe4 31. Bf6 d5 $11) 30... Rf8 31. Nxb4 Bd8) 30. exd5 Qf5 31. Qxf5 gxf5 32. Rxe8 Rxe8 {KRB-KRB} 33. Bf6 Re2 34. Rd4 Re4 35. Rxe4 {White mates.} fxe4 36. Kd2 e3+ 37. Kxe3 {Accuracy: White = 60%, Black = 36%.} 1-0

[Event "23rd Hoogeveen Open 2019"]
[Site "Hoogeveen"]
[Date "2019.10.22"]
[Round "5.6"]
[White "Morozov, Nichita"]
[Black "Gomes, Mary Ann"]
[Result "1/2-1/2"]
[WhiteElo "2394"]
[BlackElo "2268"]
[Annotator "TA"]
[PlyCount "52"]
[EventDate "2019.10.19"]
[EventType "swiss"]
[EventCountry "NED"]
[SourceTitle "playchess.com"]
[Source "ChessBase"]
[SourceQuality "1"]

{[%evp 22,25,0,0,0,-22]} 1. d4 Nf6 2. Nf3 e6 3. e3 b6 4. Bd3 Bb7 5. O-O d5 6. b3 Bd6 7. Bb2 O-O 8. Nbd2 Ne4 9. Ne5 Nxd2 10. Qxd2 Nd7 11. c4 Bxe5 12. dxe5 Nc5 {[#] Threatens to win with ...dxc4. E14: Queen's Indian: Classical Variation (4 e3)} 13. Rad1 (13. Ba3 Nxd3 14. Qxd3 dxc4 15. Qxc4 Qg5 16. e4 Rfd8 17. Bb2 c5 18. Rad1 a5 19. Qc2 a4 20. Rd6 axb3 21. axb3 {0-1 (43) Araz,B (2400)-Christiansen,J (2525) Batumi 2018}) {Predecessor:} 13... Nxd3 $146 14. Qxd3 dxc4 15. Qxc4 Qg5 16. e4 c5 17. Rd7 Bc6 18. Rd6 Rac8 19. Qd3 b5 20. f3 a6 21. Rd1 h6 22. Qd2 Qxd2 23. R1xd2 c4 24. bxc4 bxc4 25. Kf2 Bb7 26. Bc3 Bc6 {½-½ (26) Pinel Mirasierra,J (1928)-Gonzalez Mateos,R (2110) Madrid 2013} 1/2-1/2

[Event "23rd Hoogeveen Open 2019"]
[Site "Hoogeveen"]
[Date "2019.10.22"]
[Round "5.7"]
[White "Dixit, Nikhil"]
[Black "Harutjunyan, Gevorg"]
[Result "1/2-1/2"]
[WhiteElo "2358"]
[BlackElo "2428"]
[Annotator "TA"]
[PlyCount "36"]
[EventDate "2019.10.19"]
[EventType "swiss"]
[EventCountry "NED"]
[SourceTitle "playchess.com"]
[Source "ChessBase"]
[SourceQuality "1"]

{[%evp 9,36,29,41,16,29,37,37,35,47,37,41,37,38,33,31,5,10,9,10,5,6,8,4,0,0,0,0,0,9]} 1. e4 c6 2. Nc3 d5 3. Nf3 Bg4 4. d4 dxe4 (4... e6 5. Bd3 Nf6 6. e5 Nfd7 7. h3 Bxf3 8. Qxf3 c5 9. dxc5 Nc6 10. Qg3 Ncxe5 11. Bb5 a6 12. Ba4 Nc6 13. Be3 {½-½ (53) Bacrot,E (2708)-Topalov,V (2749) Paris 2017}) 5. Nxe4 Nf6 6. Bd3 {B11: Caro-Kann: Two Knights Variation} Nbd7 7. h3 Bh5 8. Ng3 {White is slightly better.} Bg6 9. Bxg6 hxg6 10. O-O e6 11. Qe2 $146 ({Predecessor:} 11. Bf4 Be7 12. c4 O-O {1-0 (84) Ponkratov,P (2584)-Kovalenko,I (2586) Moscow 2013}) 11... Qc7 12. Ne5 Bd6 {[%cal Rd7e5] The position is equal.} 13. Re1 c5 14. Nxd7 Qxd7 15. dxc5 Bxc5 16. Ne4 Nxe4 17. Qxe4 Rh5 18. Be3 {Strongly threatening g4.} Rc8 {Accuracy: White = 82%, Black = 70%.} 1/2-1/2

[Event "23rd Hoogeveen Open 2019"]
[Site "Hoogeveen"]
[Date "2019.10.22"]
[Round "5.8"]
[White "Basso, Pier Luigi"]
[Black "Wiersma, Eelke"]
[Result "1-0"]
[WhiteElo "2575"]
[BlackElo "2321"]
[Annotator "TA"]
[PlyCount "91"]
[EventDate "2019.10.19"]
[EventType "swiss"]
[EventCountry "NED"]
[SourceTitle "playchess.com"]
[Source "ChessBase"]
[SourceQuality "1"]

{[%evp 25,90,52,45,45,52,54,40,50,54,45,36,29,37,22,34,27,27,10,65,65,58,26,45,29,22,25,70,62,117,87,112,89,116,127,135,63,172,159,162,108,117,115,117,55,233,233,269,250,320,20,144,147,135,135,138,137,172,176,417,243,690,238,29990,29991,29996,29997,29999]} 1. d4 Nf6 2. c4 e6 3. Nf3 c5 4. d5 exd5 5. cxd5 d6 6. Nc3 g6 7. h3 Bg7 8. e4 O-O 9. Bd3 a6 10. a4 Nh5 11. O-O Nd7 12. Bg5 Bf6 13. Be3 Re8 14. Re1 {A70: Modern Benoni: 6 e4 g6 7 Nf3} (14. Qd2 Ne5 15. Be2 Nxf3+ 16. Bxf3 Ng7 {½-½ (16) Kazhgaleyev,M (2594)-Ponomariov,R (2709) chess.com INT 2017}) 14... Ne5 15. Be2 Nxf3+ 16. Bxf3 {White is slightly better.} Ng7 17. Bf4 Rb8 18. Rc1 $146 ({Predecessor:} 18. Qd2 Be5 19. Bxe5 Rxe5 20. Be2 {½-½ (69) Molina,R (2455)-Kaidanov,G (2566) Montevideo 2015}) 18... Be5 19. Qd2 Bd7 20. Bg4 f6 21. Rb1 Qc8 (21... Bxg4 $11 22. hxg4 b5) 22. Bxd7 Qxd7 23. Bh2 b5 24. axb5 axb5 25. b4 Bxh2+ 26. Kxh2 Rec8 (26... Red8 $14) 27. f4 Ne8 28. bxc5 Rxc5 29. Ne2 $1 f5 30. Ng3 (30. Nd4 $1 $16) 30... Nf6 (30... fxe4 $14 31. Nxe4 Rc4) 31. exf5 $1 $18 gxf5 32. Rb3 ({White should play} 32. Re3 $1 $18) 32... Rxd5 $16 33. Qb2 Qf7 34. Nf1 (34. Rbe3 $16 {Hoping for Re7.} Re8 35. Rxe8+ Nxe8 36. Ra1) 34... Nh5 $2 (34... h6 $14) 35. Rbe3 $1 $18 {[%cal Re3e7] Strongly threatening Re7.} Nxf4 36. Re7 $1 {[%cal Re7f7]} Qg6 37. R1e3 $2 ({White must play} 37. g3 $1 $18 {[%cal Rg3f4]} Nd3 38. Qb3 $1 {[%mdl 512]} Nxe1 39. Qxd5+ Kh8 40. Rxe1) 37... Qxg2+ (37... Rd3 $1 $11 {remains equal.}) 38. Qxg2+ $16 Nxg2 {[#]} 39. Rg3+ $1 Kh8 40. Rxg2 Rg8 41. Ra2 Rd1 $2 (41... f4 42. Raa7 Rh5) 42. Ng3 $18 Rd5 $2 (42... f4) 43. Rf7 $2 (43. Nh5 {White threatens Nf6! and mate.} Re5 44. Rf7) 43... b4 $2 {[#]} (43... Rg7 $18 44. Nxf5 Rd2+ 45. Rxd2 Rxf7) 44. Nh5 $1 {White mates.} b3 {[#]} 45. Nf6 $1 {[%csl Gf6][%cal Rf7h7][%mdl 64] Double Attack} bxa2 46. Rxh7# {Accuracy: White = 60%, Black = 22%.} 1-0

[Event "23rd Hoogeveen Open 2019"]
[Site "Hoogeveen"]
[Date "2019.10.22"]
[Round "5.9"]
[White "Zwirs, Nico"]
[Black "Van Dael, Siem"]
[Result "1-0"]
[WhiteElo "2421"]
[BlackElo "2273"]
[Annotator "TA"]
[PlyCount "45"]
[EventDate "2019.10.19"]
[EventType "swiss"]
[EventCountry "NED"]
[SourceTitle "playchess.com"]
[Source "ChessBase"]
[SourceQuality "1"]

{[%evp 12,45,33,33,50,28,39,31,71,53,82,78,82,65,140,119,158,139,154,149,143,131,209,213,226,241,356,349,391,370,388,361,352,237,226,230]} 1. c4 Nf6 2. Nc3 g6 3. e4 d6 4. d4 Bg7 5. h3 O-O 6. Be3 c6 7. Nf3 Na6 {E90: King's Indian: Classical: Early deviations and 6 h3} 8. Bd3 (8. Rc1 e5 9. d5 cxd5 10. cxd5 Ne8 11. g4 Kh8 12. Be2 f5 13. gxf5 gxf5 14. exf5 Bxf5 15. Ng5 {1-0 (36) Nepomniachtchi,I (2751)-Adhiban,B (2677) Tbilisi 2017}) 8... e5 9. O-O Qe7 {White is slightly better.} 10. Re1 $146 (10. c5 $5) ({Predecessor:} 10. Nd2 Nd7 11. Nb3 exd4 12. Bxd4 Ne5 13. f4 Nxd3 14. Bxg7 Kxg7 15. Qxd3 {0-1 (58) Kudas,D (1801)-Flis,P (2087) Krakow 2005}) 10... Nh5 11. Bf1 Nc7 12. Qd2 $36 {[%mdl 2048] White is more active.} Ne6 (12... Re8 $14) 13. d5 $16 Nef4 14. dxc6 bxc6 15. Rad1 Qf6 16. Nh2 Be6 (16... Ne6 $16) 17. g4 $18 (17. Qxd6 Rfc8 $16) 17... Qh4 18. gxh5 Bh6 (18... Bxh3 $142 19. Bxf4 exf4 20. Bxh3 (20. Qxd6 Bxf1 21. Rxf1 Qxh5 $18) 20... Qxh3) 19. Ne2 ({Weaker is} 19. Qxd6 Bxh3 20. Qxe5 Bxf1 $18) 19... Bxh3 20. Bxf4 exf4 21. Bxh3 Qxh3 22. Qc3 ({Less strong is} 22. Nxf4 Qh4 $16) 22... Qxh5 23. Qf3 {Accuracy: White = 73%, Black = 33%.} 1-0

[Event "23rd Hoogeveen Open 2019"]
[Site "Hoogeveen"]
[Date "2019.10.22"]
[Round "5.10"]
[White "Bhambure, Shantanu"]
[Black "Kaasen, Tor Fredrik"]
[Result "0-1"]
[WhiteElo "2291"]
[BlackElo "2415"]
[Annotator "TA"]
[PlyCount "120"]
[EventDate "2019.10.19"]
[EventType "swiss"]
[EventCountry "NED"]
[SourceTitle "playchess.com"]
[Source "ChessBase"]
[SourceQuality "1"]

{[%evp 9,120,30,24,11,23,22,25,14,29,26,35,25,51,28,36,15,51,45,55,49,41,25,72,75,169,89,73,66,91,109,109,90,84,68,58,41,51,28,26,29,29,18,26,29,20,24,9,0,0,0,0,0,100,45,43,42,135,127,133,129,139,105,102,102,115,107,125,91,95,0,0,1,6,0,0,0,0,-37,0,-91,-94,-222,-217,-227,-224,-293,-288,-444,-458,-442,-405,-515,-505,-826,-694,-315,-225,-1391,-1233,-1109,-1002,-1403,-1266,-5085,-5469,-5395,-5395,-4989,-1518,-5093,-5081,-2147,-1813]} 1. d4 Nf6 2. c4 e6 3. Nf3 d5 4. Nc3 Bb4 5. cxd5 exd5 6. Bf4 {D38: Queen's Gambit Declined: Ragozin Defence (4 Nf3 Bb4)} (6. Bg5 h6 7. Bh4 O-O 8. e3 Bf5 9. Be2 Nbd7 10. Qb3 Ba5 11. O-O c6 12. Ne5 Qb6 13. Nxd7 Nxd7 14. Rfc1 Qxb3 15. axb3 {½-½ (26) Giri,A (2797)-Navara,D (2739) Shamkir 2019}) 6... O-O 7. e3 Bf5 8. Qb3 {White has an edge.} c5 $146 ({Predecessor:} 8... Bxc3+ 9. bxc3 b6 10. Bg5 c6 11. c4 b5 12. cxb5 Qa5+ 13. Ke2 Ne4 {½-½ (76) Parligras,M (2607)-Alonso Rosell,A (2536) Minsk 2017}) 9. dxc5 Qa5 10. a3 Bxc3+ $1 11. bxc3 {With the idea Nd4.} Qxc5 12. Nd4 Bg6 13. Be2 Nc6 14. O-O Ne4 15. Rfc1 Na5 16. Qb4 $1 {Strongly threatening f3.} Rac8 (16... Qb6 $16) 17. Bg4 (17. f3 $1 $18 {[%cal Rf3e4]} Nd2 18. Qxc5 Rxc5 19. Bd6 {[%mdl 64] Double Attack}) 17... f5 $16 18. Bd1 Rf6 19. f3 Nd2 20. e4 Ndc4 21. Bg5 Rf7 22. Qxc5 Rxc5 23. Ne6 Rc8 24. exd5 Rd7 25. Ba4 Rxd5 26. Nf4 Rd6 27. Nxg6 Rxg6 28. h4 h6 29. Bf4 Nb6 $1 {[%cal Rb6a4]} 30. Bc2 $36 {[%mdl 2048] White is more active.} Rxc3 (30... Nd5 $11 31. Bd2 (31. Bxf5 Nxf4 32. Bxc8 Nb3 $11 {[%mdl 64] Double Attack}) 31... Rf6) 31. Bd2 ({Better is} 31. Bxf5 $16 Rxc1+ 32. Rxc1) 31... Rc5 $14 32. Bb4 Re5 ({Black should play} 32... Rb5 $14) 33. Re1 $16 Nac4 34. Rxe5 Nxe5 35. Kf2 ({Reject} 35. Bxf5 $6 Nxf3+ 36. Kh1 Rf6 $11) 35... Rf6 36. Rd1 {[%mdl 1024] White has strong compensation.} Nbc4 37. Rd8+ Kh7 38. h5 Nc6 39. Rd5 (39. Rd7 $16 {Bc3 is the strong threat.} Nxb4 40. axb4) 39... Nxb4 $11 40. axb4 {[%mdl 4096] Endgame KRB-KRN} Nd6 41. g4 Kg8 {Black wants to play ...fxg4.} 42. gxf5 Kf8 43. Re5 Nf7 44. Rb5 (44. Rc5 $11) 44... b6 $1 $17 45. Bb3 {[#]} (45. Ke3 $17) 45... a6 $1 $19 {[%cal Ra6b5]} 46. Rd5 {[#]} Rd6 $1 47. Rxd6 Nxd6 {KB-KN} 48. f6 (48. f4 {is a better defense.}) 48... gxf6 49. Ke3 Ke7 50. Kd4 a5 51. bxa5 (51. Bd1 $142 axb4 52. f4) 51... bxa5 52. f4 Nf5+ 53. Kd5 $2 (53. Kc5) 53... Ng7 {Black is clearly winning.} 54. Bd1 Ne6 55. Ke4 {[#]} a4 $1 {[%cal Ba5a4,Ba4a3][%mdl 544]} 56. Ke3 (56. Bxa4 Nc5+) 56... a3 57. Bb3 Ng7 58. Kf3 Nxh5 59. Kg4 Ng7 60. Kf3 Kd6 {Accuracy: White = 39%, Black = 64%.} 0-1

[Event "23rd Hoogeveen Open 2019"]
[Site "Hoogeveen"]
[Date "2019.10.22"]
[Round "5.11"]
[White "Seul, Georg"]
[Black "Blagojevic, Tijana"]
[Result "1/2-1/2"]
[WhiteElo "2411"]
[BlackElo "2151"]
[Annotator "TA"]
[PlyCount "152"]
[EventDate "2019.10.19"]
[EventType "swiss"]
[EventCountry "NED"]
[SourceTitle "playchess.com"]
[Source "ChessBase"]
[SourceQuality "1"]

{[%evp 12,152,21,18,43,0,7,0,7,2,6,0,12,-4,50,50,65,63,45,64,89,86,90,83,89,89,79,101,126,77,92,72,97,64,135,123,220,131,137,59,60,54,56,60,58,61,62,57,56,36,36,12,12,8,12,12,12,6,6,6,6,6,6,6,8,8,8,8,8,8,8,6,6,6,6,6,8,8,10,13,18,18,28,0,72,72,80,80,80,0,0,0,0,0,0,0,0,0,0,0,0,0,0,0,0,0,108,14,0,0,143,0,172,172,179,179,202,202,237,237,337,0,22,22,22,22,22,22,22,22,255,281,314,0,0,0,286,0,0,0,0,0,0]} 1. e4 c5 2. Nc3 d6 3. f4 g6 4. Nf3 Bg7 5. Bc4 e6 6. d4 cxd4 7. Nxd4 a6 {B23: Closed Sicilian: Lines without g3} (7... Nf6 8. Ndb5 d5 9. e5 dxc4 10. Nd6+ Kf8 11. exf6 Bxf6 12. Nce4 Nc6 13. Nxf6 Qxf6 14. Bd2 e5 15. Nxc8 Rxc8 {1-0 (37) Kamsky,G (2692)-Bologan,V (2688) Ohrid 2009}) 8. Nf3 $146 ({Predecessor:} 8. O-O b5 9. Bb3 Nd7 10. Be3 Nc5 11. e5 Nxb3 12. axb3 Bb7 13. Ndxb5 axb5 14. Nxb5 Kf8 15. Qxd6+ Qxd6 16. Nxd6 Rxa1 17. Rxa1 Bc6 18. Bc5 Bxe5 19. fxe5 Kg7 20. Ra6 Ne7 21. Nc4 {1-0 (21) Macieja,B (2588)-Zoler,D (2507) Panormo 2001}) 8... Ne7 9. O-O b5 10. Bb3 O-O 11. Be3 Bb7 12. Bd4 Bh6 (12... Nbc6 $11 13. Bxg7 Kxg7) 13. Qe1 $36 {[%mdl 2048] White has some pressure.} Nec6 14. Be3 $1 Na5 15. f5 Bxe3+ 16. Qxe3 Nxb3 17. axb3 {Strongly threatening Qh6.} exf5 18. exf5 Nd7 19. Rad1 Qf6 20. Nd5 Bxd5 21. Rxd5 Rac8 22. c3 b4 ({Black should try} 22... Rc5 $14 23. Rfd1 Rxd5 24. Rxd5 Nc5) 23. Qf4 $16 Ne5 (23... Qe7 $16 {was worth a try.}) 24. Qxb4 ({Don't do} 24. Nxe5 $6 dxe5 25. Qxb4 gxf5 $16) (24. Ng5 $1 $18) 24... Rb8 25. Qxd6 (25. Qa4 $16) 25... Nxf3+ $14 26. Rxf3 Qxd6 27. Rxd6 {Hoping for b4.} Rxb3 $16 {[%mdl 4096] Endgame KRR-KRR} 28. Rf2 (28. fxg6 {is more complex.} hxg6 29. Rd2 Rfb8 30. Rff2 a5 31. h3) 28... Rfb8 29. fxg6 hxg6 30. Rxa6 (30. Rdd2 {keeps more tension.} a5 31. c4 Rc8 32. Rc2 Rc5 33. Rf4) 30... Rxb2 31. Rxb2 (31. h3 {is interesting.} Rb1+ 32. Kh2 R8b2 33. Rf3 Rb7 34. Rc6) 31... Rxb2 $14 {KR-KR} 32. h3 Rc2 33. Rc6 Kg7 34. Kh2 Kh6 35. Kg3 f5 36. Kf3 Rc1 37. Rc7 Rf1+ 38. Ke2 Rg1 39. Kf2 Rc1 40. Kg3 Kg5 41. h4+ Kh6 42. Rc8 Rc2 43. Kf3 Rc1 44. c4 Rf1+ 45. Ke2 Rg1 $1 46. Kf2 Rc1 $1 47. c5 Rc2+ (47... Kh5 $1 $11) 48. Kf3 $1 $16 Rc4 49. c6 Kg7 50. c7 (50. g3 $16) 50... Kh7 51. Ke3 {Threatens to win with Kd3.} Kg7 52. Kd3 Rc1 53. Kd2 Rc4 54. Ke3 Kh7 55. Kd3 Rc1 56. Kd4 {And now Ke5 would win.} Kg7 57. Ke3 {Kd4 is the strong threat.} Rc4 {[#]} 58. Kf3 (58. h5 $1 $11 {[%mdl 512]} gxh5 59. Kd3) 58... Kh7 $1 59. Ke2 (59. h5 $16 gxh5 60. Ke2) 59... Kg7 60. Kd2 (60. Kf2 $11 Rc3 61. Ke2) 60... Rc6 61. Kd3 Rc1 $1 62. Kd4 Rd1+ 63. Ke3 Rc1 64. h5 f4+ 65. Kd2 Rc6 {[#]} (65... Rc5 {was called for.} 66. hxg6 Rc6) 66. hxg6 $2 (66. h6+ $1 $18 {[%mdl 512]} Kh7 (66... Kxh6 67. Rh8+) 67. Kd3) 66... Rd6+ 67. Ke2 Rc6 68. Kf3 Rc4 69. Kg4 Rc1 70. Kxf4 Rf1+ 71. Kg5 {White threatens Rg8+! and mate.} Rc1 72. g4 $2 (72. Kg4 $18) 72... Rc5+ $11 73. Kh4 {Black must now prevent Kg3.} Rc1 $2 {[%mdl 8192]} (73... Rc3 $1 $11 {and Black stays safe.} 74. Kg5 Rc6) 74. Ra8 $2 ({Better is} 74. Kg3 $18) 74... Rxc7 {The position is equal.} 75. Kh5 Rc5+ $1 76. g5 Rxg5+ {Accuracy: White = 54%, Black = 74%.} 1/2-1/2

[Event "23rd Hoogeveen Open 2019"]
[Site "Hoogeveen"]
[Date "2019.10.22"]
[Round "5.12"]
[White "Jonkman, Harmen"]
[Black "Tabak, Stefan"]
[Result "1-0"]
[WhiteElo "2383"]
[BlackElo "2181"]
[Annotator "TA"]
[PlyCount "85"]
[EventDate "2019.10.19"]
[EventType "swiss"]
[EventCountry "NED"]
[SourceTitle "playchess.com"]
[Source "ChessBase"]
[SourceQuality "1"]

{[%evp 11,85,3,3,-32,-16,-24,-32,-19,0,0,0,-3,7,11,56,0,45,20,28,31,73,72,91,0,0,-17,0,-18,-18,-26,-20,-25,0,0,0,0,0,0,94,102,99,102,104,97,552,558,557,547,540,501,529,513,708,679,945,870,925,904,29976,29978,29986,29987,29989,12835,12835,12835,10618,11412,12835,12835,12837,12837,29992,29993,29993,29994]} 1. e4 c5 2. Nf3 d6 3. c3 Nf6 4. Bd3 Nc6 5. Bc2 Bg4 6. h3 Bh5 7. d4 {B50: Sicilian: 2...d6, Miscellaneous} (7. d3 d5 8. Nbd2 e6 9. Qe2 Be7 10. Nf1 c4 11. exd5 cxd3 12. Bxd3 Nxd5 13. Ng3 Bg6 14. Bxg6 hxg6 15. Bd2 O-O 16. c4 Ndb4 17. O-O Qd3 18. Bc3 {½-½ (34) Salgado Lopez,I (2644)-Adly,A (2637) Riadh 2017}) 7... cxd4 8. cxd4 Bxf3 9. gxf3 {Black is slightly better.} e5 $146 ({Predecessor:} 9... e6 10. d5 exd5 11. exd5 Ne5 12. f4 Ned7 13. Nc3 Be7 14. Be3 O-O {1-0 (35) Bezgodov,A (2518)-Kazancev,V (2343) Samara 2002}) 10. Ba4 {d5 is the strong threat.} Nd7 11. Be3 Rc8 12. Nc3 a6 13. f4 ({White should try} 13. Bxc6 $14 bxc6 14. Qa4) 13... b5 14. Bb3 exf4 15. Bxf4 Qh4 16. Bg3 Qf6 17. Ne2 (17. a4 $16) 17... g6 $11 18. f4 Bg7 {[%cal Rc6d4]} 19. e5 Qe7 20. O-O O-O 21. a4 dxe5 22. fxe5 Nb6 23. axb5 axb5 24. Rc1 $1 $36 {[%mdl 2048] Black is under pressure.} Qd7 {[#]} (24... Nc4 $11 {keeps the balance.}) 25. Rxf7 $1 $16 {[%mdl 64] Remove Defender, Decoy} Rxf7 26. e6 {[%mdl 64] Double Attack} Qe7 {aiming for ...Rf3.} 27. exf7+ Kh8 $2 {[%mdl 8192]} (27... Kf8 $16) 28. d5 $18 Qe3+ 29. Bf2 Qg5+ 30. Kh1 Ne5 31. Bxb6 Rf8 32. d6 Qh4 33. Rc3 Qe4+ 34. Kg1 Nf3+ {[#]} 35. Rxf3 $1 {[%mdl 64] Promotion} Qxf3 36. d7 Bf6 37. d8=Q (37. Qd6 $142 Rxf7 38. Bd4 Kg7 39. d8=Q Kh6 40. Bxf6 Qe3+ 41. Kf1 Qxh3+ 42. Ke1) 37... Bxd8 38. Bxd8 Qe3+ 39. Kg2 {[%cal Rd8f6]} Qe4+ 40. Kf2 {[%cal Rd8f6]} Qf5+ 41. Ke1 {Intending Qd4+ and mate.} Kg7 42. Qd4+ Kh6 43. h4 {Accuracy: White = 62%, Black = 38%.} 1-0

[Event "23rd Hoogeveen Open 2019"]
[Site "Hoogeveen"]
[Date "2019.10.22"]
[Round "5.13"]
[White "Manush Shah"]
[Black "Giacomini, Hector"]
[Result "1/2-1/2"]
[WhiteElo "2352"]
[BlackElo "2145"]
[Annotator "TA"]
[PlyCount "59"]
[EventDate "2019.10.19"]
[EventType "swiss"]
[EventCountry "NED"]
[SourceTitle "playchess.com"]
[Source "ChessBase"]
[SourceQuality "1"]

{[%evp 17,59,-6,-7,-19,-30,-66,-47,-44,-22,-45,-18,-22,-22,-12,0,-27,-35,-93,-23,-20,-34,-20,0,-22,-28,-52,-50,-109,-68,-77,-77,-89,-28,-28,-29,-27,-44,-39,0,-17,0,-18,0,-158]} 1. d4 d5 2. c4 e6 3. Nf3 Nf6 4. e3 Be7 5. Nc3 O-O 6. Bd3 dxc4 7. Bxc4 c5 8. O-O a6 9. a4 Nc6 10. h3 {D37: Queen's Gambit Declined: 5 Bf4} b6 11. Qd3 $146 ({Predecessor:} 11. d5 Na5 12. Ba2 exd5 13. Nxd5 Nxd5 14. Bxd5 Bb7 15. Bxb7 Nxb7 16. Qe2 Qc7 17. Bd2 Bf6 {½-½ (75) Kornev,A (2582)-Loginov,V (2509) St Petersburg 2004}) 11... Bb7 12. Rd1 {Black is slightly better.} Qc7 13. Qe2 Rfd8 14. d5 exd5 15. Bxd5 Na5 {[%cal Rf6d5]} 16. Ba2 Rxd1+ 17. Nxd1 (17. Qxd1 $15 Rd8 18. Qe2) 17... Ne4 (17... Nd5 $17 18. Bd2 Nb4) 18. Bd2 $11 Nxd2 19. Nxd2 Bf6 20. Nc4 Nc6 21. Rc1 b5 {[#] White must now prevent ...Nb4.} 22. Na3 (22. Nd2 $15) 22... Nb4 23. Bb1 $1 Qc6 {[%csl Gb7][%cal Rc6g2]} 24. f3 bxa4 (24... c4 $17 25. Be4 Nd5) 25. Be4 Qc7 26. Bxb7 Qxb7 27. Rxc5 Rc8 28. Rc4 {The position is equal.} g6 29. Qd2 a5 30. Qc1 $2 {Accuracy: White = 35%, Black = 29%.} (30. Rxc8+ $11 Qxc8 31. Nb5) 1/2-1/2